000 00579cam a22002291 4500
001 sa 68017125
003 DLC
005 20260227112700.0
008 790111s1966 io 000 0 ind
010 _asa 68017125
035 _a(OCoLC)4540563
040 _aDLC
_cOAU
_dDLC
042 _apremarc
050 0 0 _aHG179
_b.K87
110 2 _aKursus Kader Katolik.
245 1 0 _aUang.
260 _aDjakarta,
_bK. K. K.
_c[1966]
300 _a38 p.
_c18 cm.
490 1 _aIts [Publikasi]
_v7
650 0 _aFinance, Personal.
810 2 _aKursus Kader Katolik.
_t[Publikasi]
_v7.
999 _c87529
_d87529